01489nam a2200253 a 450000100100000000500170001000800410002702000180006804000250008608200110011110000270012224501030014926000360025230000210028850000700030950400320037950504100041159000260082170000230084795201240087095201090099495201150110399900170121800004862020201002061301.0190403s2017 dr 000 0 spa d a9789945090857 aDO-SdBNPbspacBNPHU axxbxx1 aNieves, Ricardo91075910aGlobalización y control social punitivo /cRicardo Nieves ; colaboradores Mario Lama...[et. al]. aSanto Domingo :b[s.n.],c2017. a707 p. ;c23 cm. aIncluye datos biográficos del autor en la solapa de la cubierta aBibliografía: p. 685-706.0 aAbreviaturas -- Prólogo -- Introducción -- La globalización -- El impacto egológico del globalismo -- El declive del estado y la crisis del derecho -- Los nuevos rumbos del derecho penal -- Deslegítimación jurídica y tecnología social -- Las contrariedades para construir un discurso criminológico desde la globalización -- Globalismo, control social punitivo y derechos fundamentales. aInventariado, 2019/VM1 aLama, Mario976074 001054708DSaGRbGRcHDd2019-04-03iLF1l0oxx xxp48620-30r2020-06-25te. 3w2020-06-25yLFDSZPréstamo en sala 0010718PDaPDbPDcHDd2019-04-03iLF1l0oxx xxp48620-10r2020-06-25w2020-06-25yLFPDZNo se presta 0010718PDaPDbPDcHDd2019-04-03iLF1l0oxx xxp48620-20r2020-06-25te. 2w2020-06-25yLFPDZNo se presta c48108d48108